000 00629nam a22002417a 4500
003 UA-OsUOA
001 98426
007 ta
008 20130415b un ||||| |||| 00| 0 ukr d
100 _aКривин Ф. Д.
090 _a821.161.1
_bК82
942 _cBK
040 _aUA-OsUOA
_bukr
_cUA-OsUOA
_dUA-OsUOA
245 _aЗавтрашние сказки
300 _a105 с.
955 _a3
041 _aukr
080 _a821.161.1
020 _a5-7707-2714-4
260 _aУжгород
_bКарпаты
_c1992
650 7 _a82 Література. Літературознавство
_2UDC
999 _c385139
_d385139